| 000 | 01131cab a22002295a 4500 | ||
|---|---|---|---|
| 001 | L146263 | ||
| 008 | 081223e20081209xxk f v 000 0 eng d | ||
| 035 | _a(Sirsi) u146263 | ||
| 041 | 0 | _aeng | |
| 100 | 1 | _aEdmund, Teresa | |
| 245 | 0 | 0 | _aPaying your dues |
| 260 | _c2008 | ||
| 490 | 0 |
_aSolicitors' Journal _v152(47) 9 December 2008, 13-15(2) |
|
| 520 | _aDiscusses the House of Lords decision in Scottish and Newcastle v Raguz [2008] UKHL 65 (see L145801) which has been generally welcomed as a sensible simplification of the law relating to the service of notices under s.17 of the Landlord and Tenant (Covenants) Act 1995. Notes that procedural problems remain and comments on the issues for practitioners. (See L137096 and L133384 for decisions of the lower courts). | ||
| 590 | _aKA | ||
| 650 | 2 | 4 | _aSCOTTISH AND NEWCASTLE PLC V RAGUZ |
| 650 | 2 | 4 | _aLANDLORD AND TENANT (COVENANTS) ACT 1995 S17 |
| 651 | 4 |
_aUnited Kingdom _y |
|
| 690 | _aPROPERTY-COMMERCIAL PROPERTY-LEASEHOLD COMMERCIAL PROPERTY-COMMERCIAL LANDLORD AND TENANT-BUSINESS TENANCIES-BREACHING BUSINESS TENANCIES | ||
| 700 | 1 | _aAllen, Tim | |
| 942 | _n0 | ||
| 999 |
_c81107 _d81107 |
||